Concurrence en prix et équilibres cournotiens.

Problém výberu variabilných stratégií, konkrétne medzi cenovou konkurenciou a konkurenciou kvantitatívnou. Cournotova analýza. Funkcie dopytu a kvantitatívnej spotreby. Otázky výberu: cena - množstvo - teoretické hľadisko. Schéma ceny v Cournotovom modele. Analýza spotrebiteľského správania sa. Trh...

Descrizione completa

Salvato in:
Dettagli Bibliografici
Autore principale: Aspremont, Claude
Altri autori: Dos Santos Ferreira, R., Gérard-Varet, L.-A
Natura: Capitolo di libro
Lingua:francese
Soggetti:
Tags: Aggiungi Tag
Nessun Tag, puoi essere il primo ad aggiungerne!!

MARC

LEADER 00000naa a2200000 4500
001 r009766
005 20221125091705.7
041 0 |a fre 
044 |a FR 
245 1 0 |a Concurrence en prix et équilibres cournotiens.  |c C. Aspremont, R. Dos Santos Ferreira, L.-A. Gérard-Varet 
520 |a Problém výberu variabilných stratégií, konkrétne medzi cenovou konkurenciou a konkurenciou kvantitatívnou. Cournotova analýza. Funkcie dopytu a kvantitatívnej spotreby. Otázky výberu: cena - množstvo - teoretické hľadisko. Schéma ceny v Cournotovom modele. Analýza spotrebiteľského správania sa. Trh a obchodné praktiky. 
610 2 0 |a ceny 
610 2 0 |a konkurencia 
610 2 0 |a rovnováha hospodárska 
610 2 0 |a Cournot, A. 
610 2 0 |a stratégia hospodárska 
610 2 0 |a analýza ekonomická 
610 2 0 |a modely ekonomicko-matematické 
610 2 0 |a funkcie dopytové 
610 2 0 |a funkcie spotrebné 
100 1 |a Aspremont, Claude 
700 1 |a Dos Santos Ferreira, R. 
700 1 |a Gérard-Varet, L.-A.